Najwyższy szczyt w danym państwie - Statystyki

Ogólne statystyki
  • Ten quiz został rozwiązany 15 razy
  • Średni wynik to 4 z 15
Statystyki odpowiedzi
Państwo Szczyt % Poprawnych
Polska Rysy
86%
Chiny Mount Everest
79%
Australia Góra Kościuszki
64%
Pakistan K2
50%
Japonia Fudżi
43%
Kenia Kenia
21%
Kanada Logan
14%
Singapur Bukit Timah
0%
Sudan Deriba Caldera
0%
Arabia Saudyjska Dżabal as-Sauda
0%
Litwa Góra Auksztocka
0%
Włochy Mont Blanc de Courmayeur
0%
Grecja Mytikas
0%
Brazylia Pico da Neblina
0%
Chorwacja Vrh Dinare
0%
Nie znaleziono quizów pasujących do podanych kryteriów
Rozkład punktacji
Procent ludzi z każdym wynikiem
Percentyl według liczby udzielonych odpowiedzi
Twoja historia wyników
Nie rozwiązałeś tego quizu